000 01041cam a2200289 i 4500
001 1359251
003 ARRUPE
005 20141126020006.0
008 801001s1979 nju b 001 0 eng
010 _a 80129774
020 _a0691072345
020 _a0691020043 (pbk.)
040 _aDLC
_cDLC
_dDLC
050 0 0 _aR724
_b.F55 1979
082 0 0 _a174/.2
_219
100 1 _aFletcher, Joseph F.
_95005
245 1 0 _aMorals and medicine :
_bthe moral problems of the patient's right to know the truth, contraception, artificial insemination, sterilization, euthanasia /
_cby Joseph Fletcher ; with a foreword by Karl Menninger.
260 _aPrinceton, N.J. :
_bPrinceton University Press,
_cc1979.
300 _axxi, 243 p. ;
_c23 cm.
500 _aIncludes index.
504 _aBibliography: p. 229-231.
650 0 _aMedical ethics.
_95006
650 0 _aMedicine
_xReligious aspects
_xChristianity.
_95007
650 0 _aChristian ethics.
_95008
906 _a7
_bcbc
_corignew
_d2
_encip
_f19
_gy-gencatlg
942 _2lcc
_cMONOGRAPH
_06
999 _c119040
_d119040